Organic chemistry of synthetic high polymers / (Record no. 10663)
[ view plain ]
| 000 -LEADER | |
|---|---|
| fixed length control field | 00832cam a22002652 4500 |
| 001 - CONTROL NUMBER | |
| control field | 10663 |
| 003 - CONTROL NUMBER IDENTIFIER | |
| rucl marc code | BD RJUL |
| 005 - DATE AND TIME OF LATEST TRANSACTION | |
| control field | 20211208235008.0 |
| 008 - FIXED-LENGTH DATA ELEMENTS--GENERAL INFORMATION | |
| fixed length control field | 250114s1967 nyua b 000 0 eng |
| 035 ## - SYSTEM CONTROL NUMBER | |
| System control number | BD RJUL |
| 040 ## - CATALOGING SOURCE | |
| Original cataloging agency | DLC |
| Transcribing agency | DLC |
| Modifying agency | IUD |
| -- | BD RJUL |
| Language of cataloging | eng |
| 041 ## - LANGUAGE CODE | |
| Language code of text/sound track or separate title | eng |
| 082 00 - DEWEY DECIMAL CLASSIFICATION NUMBER | |
| Classification number | 547.84 |
| Author mark and year | LEO 1967 |
| 100 1# - MAIN ENTRY--PERSONAL NAME | |
| Personal name | Lenz, Robert W. |
| 9 (RLIN) | 32973 |
| 245 10 - TITLE STATEMENT | |
| Title | Organic chemistry of synthetic high polymers / |
| Statement of responsibility, etc. | [by] Robert W. Lenz. With contributions by Darrell C. Feay and Nathaniel S. Schneider. |
| 260 ## - PUBLICATION, DISTRIBUTION, ETC. (IMPRINT) | |
| Place of publication, distribution, etc. | New York : |
| Name of publisher, distributor, etc. | Interscience Publishers, |
| Date of publication, distribution, etc. | 1967. |
| 300 ## - PHYSICAL DESCRIPTION | |
| Pagination | xvi, 837 p.: |
| Illustrations | ill. ; |
| Size | 24 cm. |
| 504 ## - BIBLIOGRAPHY, ETC. NOTE | |
| Bibliography, etc | Includes bibliographies. |
| 650 #0 - SUBJECT ADDED ENTRY--TOPICAL TERM | |
| Topical term or geographic name as entry element | Polymers. |
| 9 (RLIN) | 32974 |
| Topical term or geographic name as entry element | Polymerization. |
| 9 (RLIN) | 32975 |
| Topical term or geographic name as entry element | Polymers |
| 9 (RLIN) | 32976 |
| Topical term or geographic name as entry element | Chemistry, Organic |
| 9 (RLIN) | 32977 |
| 942 ## - ADDED ENTRY ELEMENTS (KOHA) | |
| Source of classification or shelving scheme | Dewey Decimal Classification |
| Koha item type | Books |
| Lost status | Source of classification or shelving scheme | Damaged status | Not for loan | Collection code | Permanent Location | Current Location | Shelving location | Date acquired | Source of acquisition | Cost, normal purchase price | Total Checkouts | Full call number | Date last seen | Copy number | Koha item type |
|---|---|---|---|---|---|---|---|---|---|---|---|---|---|---|---|
| Dewey Decimal Classification | Not For Loan | Non-fiction | Central Library, University of Rajshahi | Central Library, University of Rajshahi | Reading Room | 12/11/1980 | Heffers | 24.40 | 547.84 LEO 1967 | 25/01/2014 | C-1 | Books | |||
| Dewey Decimal Classification | Non-fiction | Central Library, University of Rajshahi | Central Library, University of Rajshahi | 12/11/1980 | Heffers | 24.40 | 547.84 LEO 1967 | 11/05/2017 | C-2 | Books | |||||
| Dewey Decimal Classification | Non-fiction | Central Library, University of Rajshahi | Central Library, University of Rajshahi | 30/12/1980 | Heffers | 24.40 | 547.84 LEO 1967 | 16/05/2017 | C-3 | Books | |||||
| Dewey Decimal Classification | Non-fiction | Central Library, University of Rajshahi | Central Library, University of Rajshahi | 30/12/1980 | Heffers | 24.40 | 547.84 LEO 1967 | 16/05/2017 | C-4 | Books | |||||
| Dewey Decimal Classification | Non-fiction | Central Library, University of Rajshahi | Central Library, University of Rajshahi | 12/11/1980 | Heffers. | 24.40 | 547.84 LEO 1967 | 20/11/2018 | C-5 | Books |